Teología moral : conflictos y alternativas / Antonio Moser, bernardino Leers ; traducción por Alfonso Ortiz García

Furkejuvvon:
Bibliográfalaš dieđut
Váldodahkki: Moser, Antonio (autor)
Materiálatiipa: Girji
Ráidu:Cristianismo y sociedad ; 8
Fáttát:
Fáddágilkorat: Lasit fáddágilkoriid
Eai fáddágilkorat, Lasit vuosttaš fáddágilkora!

MARC

LEADER 00000nam^a2200000^u^4500
001 000551458
005 20250521000000.0
008 060220s1000^^^^^^^^^^^^r^^^^^000^0^spa^d
009 20260526152529.07
022 |a 842851187X 
035 |a FMI 000021242 
037 |a Acervo Xavier Clavigero 
096 |a 5.7.1/26/C 
100 |a Moser, Antonio  |e (autor) 
245 1 0 |a Teología moral : conflictos y alternativas / Antonio Moser, bernardino Leers ; traducción por Alfonso Ortiz García 
264 |a Madrid : Ediciones Paulinas, 1987 
300 |a 323 p. 
336 |a texto  |b txt  |2 rdacontenido 
337 |a sin mediación  |b n  |2 rdamedio 
338 |a volumen  |b nc  |2 rdasoporte 
440 0 |a Cristianismo y sociedad ; 8 
597 |a Título original: Teologia moral: impasses e alternativas 
649 |a XX 
650 |a Etica Cristiana 
910 |a Fondo Francisco Migoya Covarrubias S.J. 
920 |a Impresos - Libros 
930 |a Fondos Especiales 
905 |a 134 
901 |a SBC08840  |b IT2  |c ESP  |u 20250521 
902 |a https://opac.biblio.iteso.mx/vufind/Record/000551458